00441nam a2200145 i 450000100060000000300090000600500170001500700030003200800410003510000250007624500830010126000380018430000510022285200220027361767ES-MaACL20230906164533.0t|031113s1923 xxk ||||1| eng d1 aFarr, Robert Emmett.10aPractical local anesthesia and its surgical technic / cby Robert Emmett Farr. aLondon : bHenry Kimpton, c1923. aXVIII, 16-529 p., 16 lám. : bil. ; c26 cm. aES-MaACLjB-10834